Statistiques concernant Équipe de France à la Coupe du Monde 2010

Cliquez ici pour prendre le quiz!

Statistiques générales

  • Ce quiz a été pris 128 fois
  • Le résultat moyen est 15 sur 24

Statistiques - réponses

No Joueur Club % Correct
1Hugo LlorisOlympique Lyonnais
96%
7Franck RibéryBayern Munich
89%
12Thierry HenryFC Barcelone
89%
13Patrice ÉvraManchester United
88%
21Nicolas AnelkaChelsea FC
85%
8Yoann GourcuffGirondins de Bordeaux
84%
16Steve MandandaOlympique de Marseille
80%
3Éric AbidalFC Barcelone
78%
9Djibril CisséPanathinaïkos
70%
Ent.Raymond Domenech
69%
2Bacary SagnaArsenal FC
66%
11André-Pierre GignacToulouse FC
65%
15Florent MaloudaChelsea FC
64%
5William GallasArsenal FC
61%
20Mathieu ValbuenaOlympique de Marseille
59%
14Jérémy ToulalanOlympique Lyonnais
55%
10Sidney GovouOlympique Lyonnais
54%
18Alou DiarraGirondins de Bordeaux
51%
23Cédric CarrassoGirondins de Bordeaux
45%
22Gaël ClichyArsenal FC
38%
6Marc PlanusGirondins de Bordeaux
37%
19Abou DiabyArsenal FC
36%
4Anthony RéveillèreOlympique Lyonnais
34%
17Sébastien SquillaciFC Séville
22%

Distribution des résultats

Percentile par nombre de réponses

% des personnes avec chaque résultat

Votre développement - résultats

Vous n’avez pas pris ce quiz